[Event "M.Botvinnik Memorial 2012"]
[Site "St. Petersburg, Russia"]
[Date "2012.08.28"]
[Round "4.31"]
[White "Krivonos, Nikolay"]
[Black "Malakhov, Igor"]
[Result "1/2-1/2"]
[WhiteElo "2258"]
[BlackElo "2442"]
[PlyCount "273"]
[EventDate "2012.08.25"]

1. c4 Nf6 2. Nc3 c5 3. Nf3 e6 4. d4 cxd4 5. Nxd4 a6 6. e4 Qc7 7. Nc2 b6 8. Be3
d6 9. Be2 Bb7 10. f3 Nbd7 11. Bf2 Be7 12. O-O O-O 13. Rc1 Rac8 14. Qd2 Ne5 15.
Ne3 Rfd8 16. Kh1 Qb8 17. Rfd1 Bc6 18. Qe1 b5 19. b3 b4 20. Nb1 Nfd7 21. Bg3 Nc5
22. Bf1 a5 23. Nc2 Ng6 24. Nd4 Be8 25. Bf2 a4 26. Nd2 Nf4 27. Rb1 Nfd3 28. Bxd3
Nxd3 29. Qe2 Nxf2+ 30. Qxf2 d5 31. exd5 exd5 32. Nf5 Bf8 33. Re1 dxc4 34. Nxc4
Bb5 35. Ne5 Rd5 36. f4 Rcd8 37. Qg3 g6 38. Ne3 Rd2 39. bxa4 Bxa4 40. a3 b3 41.
N3c4 Rc2 42. f5 Bg7 43. fxg6 hxg6 44. Qg4 Re8 45. Ne3 Qa8 46. Nxg6 Bd7 47. Qg3
fxg6 48. Nxc2 bxc2 49. Qb3+ Kh7 50. Qxc2 Bf5 51. Qc4 Bxb1 52. Qh4+ Bh6 53. Rxb1
Qe4 54. Qxe4 Rxe4 55. g3 Re2 56. a4 Ra2 57. Rb4 Bf8 58. Rc4 Kg7 59. Rf4 Bd6 60.
Rc4 Be5 61. Rg4 Kf6 62. h3 Kf5 63. Kg1 Bd6 64. Kh1 Bc7 65. Kg1 Rc2 66. Kh1 g5
67. Kg1 Bb6+ 68. Kh1 Be3 69. Rb4 Bf2 70. Rg4 Bc5 71. a5 Ra2 72. Rc4 Rxa5 73. h4
Be3 74. hxg5 Ra2 75. g6 Kxg6 76. Re4 Bg5 77. Kg1 Kf5 78. Rc4 Be7 79. Kf1 Bd6
80. g4+ Kg5 81. Re4 Bf4 82. Re2 Ra1+ 83. Kg2 Kxg4 84. Rc2 Ra8 85. Kf2 Re8 86.
Rc4 Re3 87. Ra4 Rb3 88. Ke2 Kf5 89. Rc4 Ke5 90. Ra4 Be3 91. Ra8 Bd4 92. Re8+
Kd5 93. Kd2 Be5 94. Kc2 Rc3+ 95. Kd2 Ra3 96. Kc2 Ke4 97. Rd8 Rc3+ 98. Kd2 Rb3
99. Ke2 Rh3 100. Rf8 Re3+ 101. Kd2 Rb3 102. Rc8 Rb6 103. Re8 Rb2+ 104. Kc1 Rh2
105. Kd1 Kd4 106. Rd8+ Kc3 107. Ke1 Bd4 108. Kf1 Kd3 109. Rf8 Be5 110. Rf7 Ke4
111. Rf8 Bf4 112. Ke1 Kf3 113. Kd1 Rd2+ 114. Ke1 Rc2 115. Rd8 Bh6 116. Rd7 Bg5
117. Rd6 Be3 118. Rd7 Bh6 119. Rd8 Bg5 120. Rd6 Rc5 121. Rd7 Ke3 122. Kf1 Rc2
123. Rd5 Bf4 124. Rd8 Bg3 125. Rf8 Rd2 126. Rf7 Rh2 127. Rf8 Bf4 128. Re8+ Kf3
129. Rg8 Rc2 130. Re8 Bh6 131. Re6 Bg5 132. Re8 Bf4 133. Re6 Rc7 134. Re8 Bh6
135. Re6 Bg5 136. Re8 Rh7 137. Rf8+ 1/2-1/2

[Event "M.Botvinnik Memorial 2012"]
[Site "St. Petersburg, Russia"]
[Date "2012.08.28"]
[Round "4.32"]
[White "Alekseenko, Kirill"]
[Black "Toivonen, Alexander V"]
[Result "1-0"]
[WhiteElo "2430"]
[BlackElo "2250"]
[PlyCount "93"]
[EventDate "2012.08.25"]

1. e4 e5 2. Nf3 Nf6 3. Nxe5 d6 4. Nf3 Nxe4 5. d4 d5 6. Bd3 Nc6 7. O-O Be7 8. c4
Nb4 9. Be2 O-O 10. Nc3 Be6 11. Nxe4 dxe4 12. Ne1 Bf5 13. a3 Nc6 14. Be3 Bf6 15.
d5 Ne5 16. Bd4 Re8 17. f4 Nd3 18. Nc2 c6 19. Bxf6 Qxf6 20. g4 cxd5 21. gxf5
dxc4 22. Qd2 Rad8 23. Bxd3 e3 24. Qe1 cxd3 25. Nxe3 Qd4 26. Rf3 d2 27. Qe2 Qxb2
28. Rd1 Qxa3 29. Rxd2 Qc1+ 30. Nf1 Qc5+ 31. Qf2 Qxf5 32. Rxd8 Rxd8 33. Qxa7 b5
34. Qc7 Rc8 35. Qe5 Qxe5 36. fxe5 Rc5 37. Re3 Kf8 38. Nd2 b4 39. Kf2 Ke7 40.
Nf3 Rc3 41. Re4 b3 42. Rb4 Rc2+ 43. Ke3 b2 44. Rb7+ Kd8 45. Nd2 Rc3+ 46. Ke4
Rh3 47. Nf3 1-0

[Event "M.Botvinnik Memorial 2012"]
[Site "St. Petersburg, Russia"]
[Date "2012.08.28"]
[Round "4.33"]
[White "Andrenko, Irina"]
[Black "Smirnov, Artem"]
[Result "0-1"]
[WhiteElo "2228"]
[BlackElo "2425"]
[PlyCount "90"]
[EventDate "2012.08.25"]

1. e4 c5 2. Nf3 d6 3. d4 cxd4 4. Nxd4 Nf6 5. Nc3 Bd7 6. Bg5 e6 7. g3 a6 8. Bg2
Nc6 9. O-O Be7 10. h3 O-O 11. Qd2 Qc7 12. Nxc6 Bxc6 13. Rad1 Rfd8 14. Rfe1 b5
15. a3 h6 16. Bxh6 gxh6 17. Qxh6 Nh7 18. Nd5 exd5 19. exd5 Bf8 20. Qh4 Bd7 21.
Be4 f5 22. Bd3 Re8 23. Qh5 Nf6 24. Qg6+ Bg7 25. h4 Rxe1+ 26. Rxe1 Re8 27. Rxe8+
Bxe8 28. Qxf5 Qc5 29. a4 Qxd5 30. Qc8 Qc6 31. Qe6+ Kf8 32. axb5 axb5 33. Qe2
Bd7 34. c3 Qc5 35. Bg6 Qe5 36. Qxe5 dxe5 37. f3 Bh6 38. Kf2 Nd5 39. Be4 Be6 40.
Bd3 Nc7 41. Ke1 Bc1 42. b4 Bc4 43. Be4 Nd5 44. Kd1 Be3 45. Kc2 Bf2 0-1

[Event "M.Botvinnik Memorial 2012"]
[Site "St. Petersburg, Russia"]
[Date "2012.08.28"]
[Round "4.34"]
[White "Pashinsky, Mikhail"]
[Black "Pakhomov, Egor"]
[Result "0-1"]
[WhiteElo "2220"]
[BlackElo "2417"]
[PlyCount "100"]
[EventDate "2012.08.25"]

1. e4 e6 2. d4 d5 3. Nc3 Bb4 4. e5 c5 5. a3 Bxc3+ 6. bxc3 Ne7 7. Qg4 Kf8 8. Bd2
Qc7 9. Bd3 b6 10. Nf3 Ba6 11. dxc5 bxc5 12. O-O Bxd3 13. cxd3 Nd7 14. d4 c4 15.
Ng5 h6 16. Qh5 g6 17. Qh3 Rb8 18. f4 Qc6 19. a4 Kg7 20. Nf3 h5 21. Qh4 Nf5 22.
Qf2 Nb6 23. Ra2 Nxa4 24. Rfa1 Nb2 25. Rxa7 Nd3 26. Qe2 Rb7 27. g3 Rxa7 28. Rxa7
Qb6 29. Ra1 Qb2 30. Qd1 Rb8 31. Qa4 Nh6 32. Qa2 Qxa2 33. Rxa2 Ng4 34. Kg2 Ngf2
35. Ng5 Ne4 36. Nxe4 dxe4 37. h3 Rb1 38. g4 h4 39. f5 gxf5 40. Bg5 Kg6 41. Bxh4
f4 42. Bf6 Rb8 43. h4 f3+ 44. Kg3 f2 45. h5+ Kh6 46. Ra1 e3 47. g5+ Kh7 48. Kf3
Ne1+ 49. Ke2 Rb2+ 50. Kf1 Nf3 0-1

[Event "M.Botvinnik Memorial 2012"]
[Site "St. Petersburg, Russia"]
[Date "2012.08.28"]
[Round "4.35"]
[White "Bodnaruk, Anastasia"]
[Black "Kharmunova, Nadezhda"]
[Result "1-0"]
[WhiteElo "2414"]
[BlackElo "2219"]
[PlyCount "69"]
[EventDate "2012.08.25"]

1. e4 c6 2. d4 d5 3. e5 Bf5 4. Nf3 e6 5. Be2 Ne7 6. O-O Bg6 7. Nbd2 Nf5 8. a4
Be7 9. Nb3 Nd7 10. a5 O-O 11. g4 Nh4 12. Nxh4 Bxh4 13. f4 f6 14. Be3 fxe5 15.
dxe5 Be7 16. c4 Be4 17. g5 Rf7 18. cxd5 Bxd5 19. Bh5 g6 20. Bg4 Bf8 21. Qc2 Qe8
22. Nd2 Qe7 23. Ne4 Qb4 24. Ra4 Qb5 25. Nc3 Qb3 26. Qc1 Bb4 27. Bd1 Qc4 28.
Nxd5 Qxd5 29. Rxb4 Nxe5 30. fxe5 Rxf1+ 31. Kxf1 Qh1+ 32. Bg1 Rd8 33. Bg4 Rd3
34. Qf4 Qd5 35. Rxb7 1-0

[Event "M.Botvinnik Memorial 2012"]
[Site "St. Petersburg, Russia"]
[Date "2012.08.28"]
[Round "4.36"]
[White "Bulatov, Ramil"]
[Black "Iljiushenok, Ilia"]
[Result "0-1"]
[WhiteElo "2205"]
[BlackElo "2413"]
[PlyCount "68"]
[EventDate "2012.08.25"]

1. d4 d5 2. c4 c6 3. Nc3 Nf6 4. Nf3 e6 5. Bg5 dxc4 6. a4 Bb4 7. e4 Bxc3+ 8.
bxc3 Qa5 9. e5 Ne4 10. Bd2 Qd5 11. a5 Nd7 12. Be2 O-O 13. Qc2 Nxd2 14. Ng5 f5
15. Qxd2 Re8 16. Ra4 h6 17. Nf3 b5 18. Rb4 Ba6 19. O-O c5 20. Rbb1 Rab8 21.
Rfd1 cxd4 22. Nxd4 Nxe5 23. f4 Nf7 24. Kh1 Rbd8 25. Qb2 Qe4 26. Qd2 e5 27. Bf3
Qxf4 28. Qxf4 exf4 29. Nc6 Rxd1+ 30. Rxd1 Ng5 31. Bh5 Re6 32. Nd4 Rd6 33. Re1
g6 34. Bf3 b4 0-1

[Event "M.Botvinnik Memorial 2012"]
[Site "St. Petersburg, Russia"]
[Date "2012.08.28"]
[Round "4.37"]
[White "Aitbayev, Aslan"]
[Black "Dotsenko, Sergey"]
[Result "1-0"]
[WhiteElo "2411"]
[BlackElo "2188"]
[PlyCount "65"]
[EventDate "2012.08.25"]

1. e4 e5 2. Nf3 Nc6 3. Bb5 a6 4. Ba4 Nf6 5. O-O Be7 6. Re1 b5 7. Bb3 O-O 8. d4
Nxd4 9. Nxd4 exd4 10. e5 Ne8 11. c3 c5 12. cxd4 c4 13. Bc2 d5 14. Nc3 b4 15.
Nxd5 Qxd5 16. Be4 Qa5 17. Bxa8 Nc7 18. Be4 Nd5 19. Qc2 b3 20. Bd2 c3 21. Bxc3
Nxc3 22. axb3 Qxa1 23. Rxa1 Nxe4 24. Qxe4 Bb4 25. Rc1 a5 26. h3 g6 27. d5 Bf5
28. Qd4 h5 29. g4 hxg4 30. hxg4 Bd7 31. Rc7 Rd8 32. Qf4 Be8 33. e6 1-0

[Event "M.Botvinnik Memorial 2012"]
[Site "St. Petersburg, Russia"]
[Date "2012.08.28"]
[Round "4.38"]
[White "Palchun, Grigory"]
[Black "Ponfilenok, Vladimir"]
[Result "1/2-1/2"]
[WhiteElo "2189"]
[BlackElo "2392"]
[PlyCount "95"]
[EventDate "2012.08.25"]

1. e4 e6 2. d4 d5 3. e5 c5 4. c3 Nc6 5. Nf3 Bd7 6. a3 f6 7. b4 fxe5 8. b5 Nxd4
9. cxd4 exd4 10. Bf4 Nf6 11. Be2 Be7 12. O-O O-O 13. h3 Ne4 14. Bh2 Bd6 15.
Bxd6 Nxd6 16. a4 Qf6 17. Ra2 e5 18. Nh2 e4 19. Bg4 Rad8 20. Bxd7 Rxd7 21. Ng4
Qe6 22. Nd2 c4 23. Nxc4 Nxc4 24. Qxd4 Qb6 25. Rd1 Qxd4 26. Rxd4 Kf7 27. Re2 h5
28. Rxc4 hxg4 29. Rd4 gxh3 30. Rexe4 hxg2 31. Re5 Rfd8 32. Kxg2 Kf6 33. f4 b6
34. Kg3 Re7 35. Rdxd5 Rxd5 36. Rxd5 Re4 37. Kg4 Rxa4 38. Rd6+ Ke7 39. Rg6 Kf7
40. Rc6 Ra5 41. Rc7+ Kg8 42. Kg5 Kh7 43. f5 Rxb5 44. Rxa7 Rb1 45. Rb7 Rb5 46.
Rb8 Rb1 47. Rb7 Rg1+ 48. Kf4 1/2-1/2

[Event "M.Botvinnik Memorial 2012"]
[Site "St. Petersburg, Russia"]
[Date "2012.08.28"]
[Round "4.39"]
[White "Pimenov, Revolt"]
[Black "Zavoronkov, Vladimir"]
[Result "0-1"]
[WhiteElo "2186"]
[BlackElo "2384"]
[PlyCount "66"]
[EventDate "2012.08.25"]

1. Nf3 c5 2. b3 Nc6 3. Bb2 d5 4. e3 a6 5. Be2 Nf6 6. O-O e6 7. c4 d4 8. d3 e5
9. Nh4 Bd6 10. f4 exf4 11. exf4 Qc7 12. g3 Bh3 13. Re1 O-O-O 14. Bf3 h6 15.
Bxc6 Qxc6 16. Qf3 Qc7 17. Ng2 Bg4 18. Qf1 g5 19. Bc1 Nh5 20. fxg5 hxg5 21. Bxg5
Rdg8 22. Bh4 Bh3 23. Re2 Nf4 24. gxf4 Rxh4 25. Qf3 Bg4 26. Qg3 Rh3 27. Re8+
Rxe8 28. Qxg4+ Qd7 29. f5 Bxh2+ 30. Kf1 Rg3 31. Qh5 Reg8 32. Ne1 Rg1+ 33. Kf2
Qe7 0-1

[Event "M.Botvinnik Memorial 2012"]
[Site "St. Petersburg, Russia"]
[Date "2012.08.28"]
[Round "4.40"]
[White "Manin, Viktor"]
[Black "Solovjov, Sergey I"]
[Result "1/2-1/2"]
[WhiteElo "2181"]
[BlackElo "2365"]
[PlyCount "105"]
[EventDate "2012.08.25"]

1. d4 Nf6 2. g3 c5 3. d5 e6 4. c4 exd5 5. cxd5 d6 6. Nc3 g6 7. Nf3 Bg7 8. Nd2
O-O 9. Nc4 b6 10. a4 Ba6 11. Nb5 Ne8 12. Bg2 Qf6 13. h4 h6 14. Bd2 Nd7 15. Qc1
Bxb5 16. axb5 Nc7 17. Bc3 Qe7 18. Bxg7 Kxg7 19. Qc3+ Kg8 20. Qb3 Ne5 21. O-O
Nxc4 22. Qxc4 Rfe8 23. e3 Qd7 24. Kh2 Qxb5 25. Qf4 Re5 26. Qxh6 Nxd5 27. Rad1
Rh5 28. Qxh5 gxh5 29. Rxd5 Rd8 30. Rg5+ Kf8 31. Rxh5 Qxb2 32. Rf5 Qc2 33. g4
Qe2 34. g5 Kg7 35. Kg3 Re8 36. Ra1 a5 37. Bd5 Re7 38. Rh1 Qd3 39. Kf4 Qc2 40.
Rh2 a4 41. h5 Qxf5+ 42. Kxf5 Re5+ 43. Kg4 Rxd5 44. h6+ Kh7 45. f4 Rd1 46. Kf5
b5 47. Kf6 Rf1 48. Kxf7 a3 49. Rd2 b4 50. Rxd6 a2 51. Rg6 a1=Q 52. Rg7+ Kh8 53.
Rg8+ 1/2-1/2

[Event "M.Botvinnik Memorial 2012"]
[Site "St. Petersburg, Russia"]
[Date "2012.08.28"]
[Round "4.41"]
[White "Gladkov, Kirill"]
[Black "Krivenko, Sergey"]
[Result "1-0"]
[WhiteElo "2158"]
[BlackElo "2347"]
[PlyCount "56"]
[EventDate "2012.08.25"]

1. c4 Nf6 2. Nc3 d5 3. cxd5 Nxd5 4. g3 Nb6 5. Bg2 g6 6. Nf3 Bg7 7. d4 Nc6 8.
O-O O-O 9. d5 Na5 10. e4 Bd7 11. Qe2 c5 12. Bf4 Na4 13. Nxa4 Bxa4 14. b3 Bd7
15. Rac1 Qb6 16. Qe3 Rfc8 17. Be5 Bf8 18. Bc3 Qa6 19. Qd2 b6 20. Ne5 Be8 21.
Qf4 Bg7 22. Ng4 h5 23. Nh6+ Kf8 24. Bh3 f6 25. e5 b5 26. Be6 b4 27. Ba1 c4 28.
exf6 c3 1-0

[Event "M.Botvinnik Memorial 2012"]
[Site "St. Petersburg, Russia"]
[Date "2012.08.28"]
[Round "4.42"]
[White "Saveliev, Alexei"]
[Black "Biriukov, Oleg V"]
[Result "1/2-1/2"]
[WhiteElo "2081"]
[BlackElo "2332"]
[PlyCount "83"]
[EventDate "2012.08.25"]

1. e4 c5 2. Nf3 d6 3. d4 cxd4 4. Nxd4 Nf6 5. Nc3 a6 6. Be2 e6 7. O-O Be7 8. Be3
O-O 9. f4 Nc6 10. Qe1 Nxd4 11. Bxd4 b5 12. a3 Bb7 13. Qg3 Bc6 14. Bd3 Qd7 15.
Rad1 a5 16. Bxf6 Bxf6 17. e5 Be7 18. exd6 Bxd6 19. Bxh7+ Kxh7 20. Qd3+ g6 21.
Qxd6 Qb7 22. f5 exf5 23. Qf6 Rh8 24. Rd6 b4 25. Rxc6 bxc3 26. Rxc3 Kg8 27. Rxf5
Re8 28. Rf1 Rh5 29. Rcf3 Re7 30. h3 Rhe5 31. b3 Re2 32. R3f2 Qc7 33. Rxe2 Rxe2
34. c4 a4 35. bxa4 Qxc4 36. Qd8+ Kg7 37. Qf6+ Kg8 38. Qf3 Re7 39. Qa8+ Kg7 40.
Qa5 Qd4+ 41. Kh1 Re3 42. Qb5 1/2-1/2

[Event "M.Botvinnik Memorial 2012"]
[Site "St. Petersburg, Russia"]
[Date "2012.08.28"]
[Round "4.43"]
[White "Romanko, Marina"]
[Black "Rassokhina, Ekaterina"]
[Result "1-0"]
[WhiteElo "2399"]
[BlackElo "2062"]
[PlyCount "65"]
[EventDate "2012.08.25"]

1. d4 Nf6 2. c4 e6 3. Nc3 Bb4 4. Qc2 O-O 5. a3 Bxc3+ 6. Qxc3 b6 7. Bg5 Bb7 8.
e3 d6 9. Ne2 Nbd7 10. Qc2 Be4 11. Qd2 h6 12. Bh4 Bg6 13. Nc3 Ne4 14. Bxd8 Nxd2
15. Bxc7 Nb3 16. Rd1 Bc2 17. Bxd6 Rfc8 18. Be2 a6 19. Nb1 Bxd1 20. Kxd1 Nf6 21.
Kc2 Na5 22. b3 Ne4 23. Bg3 Nxg3 24. hxg3 Ra7 25. Nd2 Kf8 26. Kb2 Ke7 27. b4 Nc6
28. Rc1 Rd7 29. Nb3 f5 30. Bf3 Rdc7 31. c5 b5 32. Kc3 Kf6 33. Ra1 1-0

[Event "M.Botvinnik Memorial 2012"]
[Site "St. Petersburg, Russia"]
[Date "2012.08.28"]
[Round "4.44"]
[White "Rjanova, Valery"]
[Black "Khalifman, Alexander"]
[Result "0-1"]
[WhiteElo "2208"]
[BlackElo "2621"]
[PlyCount "44"]
[EventDate "2012.08.25"]

1. e4 g6 2. d4 Bg7 3. Nc3 d6 4. Bg5 Nd7 5. f4 c5 6. dxc5 Nxc5 7. Qd2 Nf6 8. Bd3
O-O 9. Nf3 b5 10. O-O b4 11. Bxf6 Bxf6 12. Nd5 Bxb2 13. Rab1 Bg7 14. Rxb4 e6
15. Ne3 a5 16. Rbb1 Bb7 17. Nc4 Bxe4 18. Be2 d5 19. Nce5 Qc7 20. Rb5 Bxf3 21.
Bxf3 Bxe5 22. fxe5 Nd7 0-1

[Event "M.Botvinnik Memorial 2012"]
[Site "St. Petersburg, Russia"]
[Date "2012.08.28"]
[Round "4.45"]
[White "Bezgodova, Maria"]
[Black "Tunik, Gennady"]
[Result "1/2-1/2"]
[WhiteElo "2206"]
[BlackElo "2456"]
[PlyCount "101"]
[EventDate "2012.08.25"]

1. e4 c5 2. Nf3 e6 3. d4 cxd4 4. Nxd4 Nc6 5. Nc3 a6 6. Be2 Qc7 7. O-O Nf6 8.
Be3 d6 9. f4 Be7 10. Qe1 O-O 11. Qg3 Nxd4 12. Bxd4 b5 13. a3 Bb7 14. Bd3 g6 15.
f5 e5 16. Be3 Kh8 17. Qh3 Qd8 18. Rad1 Rc8 19. fxg6 fxg6 20. Bh6 Rg8 21. Bg5
Rc7 22. Qh4 Nh5 23. Bxe7 Rxe7 24. Be2 Ng7 25. Rd3 Rf7 26. Qxd8 Rxf1+ 27. Kxf1
Rxd8 28. Rf3 Ne6 29. Rf7 Rf8 30. Rxf8+ Nxf8 31. Bg4 Kg7 32. Ke2 h5 33. Bh3 Nh7
34. g3 Ng5 35. Bg2 Ne6 36. Ke3 Nd4 37. Kd3 g5 38. Nd1 Kg6 39. Ne3 Kf6 40. c3
Nb3 41. Nf5 d5 42. Nd6 dxe4+ 43. Bxe4 Bxe4+ 44. Nxe4+ Kf5 45. h3 g4 46. h4 Na5
47. Nd6+ Ke6 48. Ne4 Nc4 49. b3 Nxa3 50. Nc5+ Kd5 51. Nxa6 1/2-1/2

[Event "M.Botvinnik Memorial 2012"]
[Site "St. Petersburg, Russia"]
[Date "2012.08.28"]
[Round "4.46"]
[White "Lupik, Marina"]
[Black "Gordievsky, Dmitry"]
[Result "0-1"]
[WhiteElo "2197"]
[BlackElo "2437"]
[PlyCount "88"]
[EventDate "2012.08.25"]

1. e4 c5 2. c3 d5 3. exd5 Qxd5 4. d4 Nf6 5. Nf3 e6 6. Na3 Nc6 7. Be3 cxd4 8.
Nb5 Qd8 9. Nfxd4 Nd5 10. Qf3 a6 11. Nxc6 bxc6 12. Nd4 c5 13. Nb3 Nxe3 14. fxe3
Qd5 15. Bc4 Qxf3 16. gxf3 Kd7 17. Rg1 g6 18. O-O-O+ Kc7 19. Rd2 Bd7 20. Rgd1
Be8 21. f4 a5 22. Rd3 Bc6 23. Nd2 a4 24. Nb1 Be7 25. Na3 Rab8 26. Nb5+ Rxb5 27.
Bxb5 Bxb5 28. c4 Bc6 29. a3 g5 30. Rf1 f5 31. fxg5 Bxg5 32. Rg1 Be4 33. Rxg5
Bxd3 34. Kd2 Bxc4 35. e4 Rf8 36. Rg7+ Kd6 37. exf5 Rxf5 38. Ra7 Rf2+ 39. Kc3
Bb3 40. h4 e5 41. Rxh7 Kd5 42. Kd3 e4+ 43. Ke3 Rf3+ 44. Kd2 Kd4 0-1

[Event "M.Botvinnik Memorial 2012"]
[Site "St. Petersburg, Russia"]
[Date "2012.08.28"]
[Round "4.47"]
[White "Matsenko, Andrei"]
[Black "Smirnov, Alexey"]
[Result "0-1"]
[WhiteElo "2188"]
[BlackElo "2416"]
[PlyCount "72"]
[EventDate "2012.08.25"]

1. e4 c5 2. Nf3 d6 3. d4 cxd4 4. Nxd4 Nf6 5. Nc3 a6 6. Be2 e5 7. Nb3 Be6 8. O-O
Be7 9. f4 Qc7 10. Kh1 O-O 11. Be3 Nbd7 12. a4 Rac8 13. a5 Rfd8 14. f5 Bc4 15.
Rf2 d5 16. exd5 Bxe2 17. Rxe2 Bb4 18. Na4 Qc4 19. c3 Bf8 20. Nd2 Qxd5 21. Nf3
Qxa5 22. Rd2 Qc7 23. Qb3 Ne4 24. Rxd7 Rxd7 25. Nb6 Rd3 26. Nxc8 Rxe3 27. Qb6
Qxb6 28. Nxb6 f6 29. Nd7 Be7 30. Re1 Rxe1+ 31. Nxe1 Kf7 32. Nd3 h5 33. Kg1 Ke8
34. Nb6 Nd6 35. Nc5 Nc8 36. Nba4 b5 0-1

[Event "M.Botvinnik Memorial 2012"]
[Site "St. Petersburg, Russia"]
[Date "2012.08.28"]
[Round "4.48"]
[White "Balaian, Alina"]
[Black "Akkozov, Berik"]
[Result "1-0"]
[WhiteElo "2179"]
[BlackElo "2401"]
[PlyCount "93"]
[EventDate "2012.08.25"]

1. e4 c5 2. Nf3 d6 3. d4 cxd4 4. Nxd4 Nf6 5. Nc3 a6 6. Be3 e5 7. Nb3 Be6 8. f3
Be7 9. Qd2 Nbd7 10. g4 b5 11. O-O-O O-O 12. g5 b4 13. Ne2 Ne8 14. f4 a5 15. f5
a4 16. Nbd4 exd4 17. Nxd4 b3 18. Kb1 bxc2+ 19. Nxc2 Bb3 20. axb3 axb3 21. Na3
Ne5 22. h4 Ra4 23. Bd4 Qa8 24. Qg2 Kh8 25. Rh3 Rb4 26. Rc3 f6 27. g6 h6 28. Qe2
Qa4 29. Qd2 Bd8 30. Bxe5 fxe5 31. Qd5 Rb8 32. Bb5 Qa7 33. Rxb3 Bxh4 34. Bc4 Nf6
35. Qxd6 Nxe4 36. Qxe5 Rxb3 37. Bxb3 Qe3 38. Qd5 Bf6 39. Qd3 Qf2 40. Bc2 Nc5
41. Qd6 Rc8 42. Nc4 Nb7 43. Qe6 Qc5 44. Re1 Rf8 45. Rh1 Na5 46. Nxa5 Qxa5 47.
Qd7 1-0

[Event "M.Botvinnik Memorial 2012"]
[Site "St. Petersburg, Russia"]
[Date "2012.08.28"]
[Round "4.49"]
[White "Kiselev, Pavel"]
[Black "Ulanov, Alexandr"]
[Result "1-0"]
[WhiteElo "2179"]
[BlackElo "2398"]
[PlyCount "77"]
[EventDate "2012.08.25"]

1. d4 Nf6 2. Nf3 g6 3. c4 Bg7 4. Nc3 O-O 5. e4 d6 6. Be2 e5 7. d5 a5 8. Bg5 Na6
9. Nd2 h6 10. Bh4 Qd7 11. O-O Nh7 12. a3 f5 13. f3 h5 14. b4 f4 15. c5 dxc5 16.
b5 Nb8 17. Nc4 g5 18. Bf2 g4 19. d6 Nf6 20. dxc7 Qxc7 21. Nd5 Nxd5 22. Qxd5+
Kh7 23. Bxc5 Be6 24. Qd6 Qf7 25. Nb6 Nd7 26. Nxa8 Rxa8 27. Bf2 Rg8 28. Rfd1 g3
29. hxg3 fxg3 30. Be3 Qf6 31. Rac1 Bf8 32. Qc7 Rg7 33. Qc8 Nc5 34. Qe8 Nb3 35.
Bc4 Bxc4 36. Qxh5+ Kg8 37. Rxc4 Nd4 38. Rc8 Ne6 39. Qf5 1-0

[Event "M.Botvinnik Memorial 2012"]
[Site "St. Petersburg, Russia"]
[Date "2012.08.28"]
[Round "4.50"]
[White "Tseitlin, Mark D"]
[Black "Suslova, Alena"]
[Result "1-0"]
[WhiteElo "2396"]
[BlackElo "2196"]
[PlyCount "63"]
[EventDate "2012.08.25"]

1. e4 d5 2. exd5 Nf6 3. d4 Nxd5 4. Nf3 g6 5. Bc4 Bg7 6. O-O O-O 7. c3 Nc6 8.
Re1 a6 9. Nbd2 b5 10. Bf1 Re8 11. a4 Rb8 12. axb5 axb5 13. Nb3 Qd6 14. h3 Bf5
15. Ra6 Bc8 16. Ra1 Bf5 17. Bg5 h6 18. Bh4 g5 19. Bg3 Nf4 20. Na5 Nd8 21. Ne5
Nde6 22. b4 f6 23. Ng4 c6 24. Qf3 Nd8 25. Bd3 Bd7 26. Nb3 Be6 27. Nc5 Bd5 28.
Be4 e5 29. Ne3 Nfe6 30. Ra7 Nxc5 31. Rxg7+ Kxg7 32. Nf5+ 1-0

[Event "M.Botvinnik Memorial 2012"]
[Site "St. Petersburg, Russia"]
[Date "2012.08.28"]
[Round "4.51"]
[White "Rozhko, Dmitry"]
[Black "Puraev, Artemiy"]
[Result "1/2-1/2"]
[WhiteElo "2388"]
[BlackElo "2183"]
[PlyCount "176"]
[EventDate "2012.08.25"]

1. d4 d5 2. Nf3 Nf6 3. c4 e6 4. g3 dxc4 5. Qa4+ Nbd7 6. Bg2 a6 7. Nc3 Be7 8.
Qxc4 O-O 9. O-O b5 10. Qd3 Bb7 11. Ng5 Bxg2 12. Kxg2 c5 13. Rd1 c4 14. Qf3 h6
15. Nge4 b4 16. Nxf6+ Nxf6 17. Ne4 Nxe4 18. Qxe4 Qd5 19. f3 Qxe4 20. fxe4 Rfd8
21. Be3 Rac8 22. Rac1 a5 23. b3 c3 24. Kf3 f6 25. d5 e5 26. Rc2 Rd6 27. a4 bxa3
28. Ra1 Ra6 29. Bc1 a4 30. b4 Bxb4 31. Bxa3 Ba5 32. Rb1 Rb6 33. Rxb6 Bxb6 34.
e3 Ba5 35. Ke2 Rb8 36. Kd3 Rb3 37. Ra2 c2+ 38. Kxc2 Rxe3 39. Bb2 Rxe4 40. Kd3
Rb4 41. d6 Kf7 42. d7 e4+ 43. Ke2 Rc4 44. Ba3 Rd4 45. Bc5 Rc4 46. Ba3 Bd8 47.
Rd2 Rc3 48. Bb2 Rb3 49. Bc1 f5 50. Rd4 Rb7 51. Rxa4 Rxd7 52. g4 Rc7 53. Bf4
Rc2+ 54. Kd1 Rg2 55. gxf5 Bg5 56. Bxg5 Rxg5 57. Rxe4 Rg2 58. Rh4 Rf2 59. Rh5
Kf6 60. Ke1 Rxf5 61. Rh3 Rf4 62. Rg3 g5 63. Ke2 Kg6 64. Rh3 Rf6 65. Ke1 Kf5 66.
Rf3+ Kg6 67. Rh3 g4 68. Rg3 Kg5 69. Ke2 h5 70. Ra3 Rf5 71. Rb3 Ra5 72. Kf2 h4
73. Rb1 Ra4 74. Kg1 Kf4 75. Rf1+ Ke5 76. Kg2 Ra2+ 77. Kg1 Ke4 78. Re1+ Kd3 79.
Rb1 Ke2 80. Rb4 Ra1+ 81. Kg2 h3+ 82. Kg3 Rg1+ 83. Kf4 Rg2 84. Rb2+ Kf1 85. Rb1+
Kf2 86. Rd1 Rg1 87. Rd2+ Kf1 88. Rb2 Rg2 1/2-1/2

[Event "M.Botvinnik Memorial 2012"]
[Site "St. Petersburg, Russia"]
[Date "2012.08.28"]
[Round "4.52"]
[White "Pischikov, Vadim"]
[Black "Serov, Maksim"]
[Result "0-1"]
[WhiteElo "2158"]
[BlackElo "2370"]
[PlyCount "85"]
[EventDate "2012.08.25"]

1. d4 d6 2. c4 f5 3. Nc3 Nf6 4. Bg5 Nbd7 5. Qc2 g6 6. e4 fxe4 7. Nxe4 Bg7 8.
Ne2 c5 9. Nxf6+ Nxf6 10. dxc5 Qa5+ 11. Nc3 Qxc5 12. Be3 Qe5 13. h3 O-O 14. Be2
Bf5 15. Bd3 Bh6 16. Nd1 Bxe3 17. Nxe3 Bxd3 18. Qxd3 Qxb2 19. O-O Qe5 20. Rfe1
Qc5 21. Nd5 Nxd5 22. cxd5 Rf7 23. Rac1 Qa5 24. Qb3 Qb6 25. Rb1 Qxb3 26. Rxb3 b6
27. Rc3 Re8 28. Rc6 Rf4 29. Rd1 Ra4 30. Rd2 Kf7 31. Rc3 Kf6 32. g3 Ke5 33. f4+
Ke4 34. Kf2 Rd4 35. Re2+ Kxd5 36. Rc7 Ra4 37. Kf3 h5 38. g4 hxg4+ 39. hxg4 Ra3+
40. Kf2 Ra4 41. Kf3 Ra3+ 42. Kf2 b5 43. Rb2 0-1

[Event "M.Botvinnik Memorial 2012"]
[Site "St. Petersburg, Russia"]
[Date "2012.08.28"]
[Round "4.53"]
[White "Baghdasaryan, Vahe"]
[Black "Vardanian, Hamazasp"]
[Result "1-0"]
[WhiteElo "2368"]
[BlackElo "2153"]
[PlyCount "101"]
[EventDate "2012.08.25"]

1. e4 c5 2. Nf3 Nc6 3. d4 cxd4 4. Nxd4 e5 5. Nb5 a6 6. Nd6+ Bxd6 7. Qxd6 Qf6 8.
Qd3 Qg6 9. Nc3 Nf6 10. a3 O-O 11. h4 b5 12. Be3 Bb7 13. Rh3 Na5 14. Rg3 Bxe4
15. Qe2 Qh5 16. Qxh5 Nxh5 17. Nxe4 Nxg3 18. Nxg3 d5 19. Bc5 Rfc8 20. Bb4 Nc4
21. b3 Nb6 22. Ba5 Nd7 23. O-O-O d4 24. Nf5 Rc5 25. Bb4 Rc7 26. Bd3 g6 27. Be4
Raa7 28. Ne7+ Kg7 29. Bd6 f5 30. Bxc7 Rxc7 31. Nd5 Rc5 32. b4 Rc8 33. Bf3 Kf7
34. Re1 Ke6 35. Nf4+ Kd6 36. Nh3 e4 37. Be2 d3 38. Bd1 Ne5 39. Kb1 Kd5 40. Nf4+
Kd4 41. cxd3 Nxd3 42. Nxd3 Kxd3 43. Re2 f4 44. Rc2 Rf8 45. Be2+ Kd4 46. Rc7 f3
47. Rd7+ Ke5 48. gxf3 exf3 49. Bd1 Kf4 50. Rxh7 Kg4 51. Rh6 1-0

[Event "M.Botvinnik Memorial 2012"]
[Site "St. Petersburg, Russia"]
[Date "2012.08.28"]
[Round "4.54"]
[White "Bogachkov, Igor"]
[Black "Schroer, Marcel"]
[Result "1/2-1/2"]
[WhiteElo "2356"]
[BlackElo "2143"]
[PlyCount "107"]
[EventDate "2012.08.25"]

1. e4 c6 2. d4 d5 3. e5 Bf5 4. h4 h5 5. c4 e6 6. Nc3 Ne7 7. Bg5 dxc4 8. Bxc4
Nd7 9. Nge2 f6 10. exf6 gxf6 11. Be3 Nb6 12. Bd3 Qd7 13. Ng3 O-O-O 14. Nxf5
Nxf5 15. Bxf5 exf5 16. Qf3 Nd5 17. Nxd5 Qxd5 18. Qxd5 Rxd5 19. Ke2 Bd6 20. b3
Bc7 21. Rhc1 Re8 22. Kd3 Red8 23. Rc4 R8d7 24. Rac1 Bb6 25. b4 Kd8 26. a4 a6
27. Rb1 Ke7 28. Rg1 Ke6 29. f3 Bc7 30. Rc5 Bd6 31. Rc4 Bc7 32. Bf2 Bb6 33. Re1+
Kf7 34. Re2 Bc7 35. Rc5 Bb6 36. Rxd5 Rxd5 37. Kc4 Bc7 38. Re1 Bd6 39. Re2 Be7
40. Rb2 Ke6 41. b5 axb5+ 42. axb5 Ba3 43. Re2+ Kd7 44. bxc6+ bxc6 45. Ra2 Be7
46. Ra8 Ke6 47. Rc8 Kd7 48. Rh8 f4 49. g4 hxg4 50. fxg4 Ra5 51. Rh5 Ra2 52. Be1
Re2 53. Bc3 Rg2 54. d5 1/2-1/2